[Event "Girls U14 Polish Youth Championship"]
[Site "chess24.com"]
[Date "2018.05.01"]
[Round "4"]
[White "Hals, Emilia"]
[Black "Kot, Ewelina"]
[Result "1-0"]
[Board "25"]
[WhiteElo "1335"]
[WhiteCountry "POL"]
[WhiteFideId "21816603"]
[WhiteEloChange "5"]
[BlackElo "1148"]
[BlackCountry "POL"]
[BlackFideId "21871566"]
[BlackEloChange "-5"]

1. e4 {[%clk 1:30:58]} e6 {[%clk 1:30:52]} 2. d4 {[%clk 1:31:21]} d5 {[%clk
1:31:18]} 3. exd5 {[%clk 1:31:42]} exd5 {[%clk 1:31:42]} 4. Nf3 {[%clk 1:31:52]}
Nf6 {[%clk 1:31:49]} 5. Nc3 {[%clk 1:32:12]} Bb4 {[%clk 1:31:57]} 6. Bg5 {[%clk
1:32:05]} Nc6 {[%clk 1:31:44]} 7. Be2 {[%clk 1:29:33]} Qd6 {[%clk 1:28:34]} 8.
O-O {[%clk 1:29:25]} Bxc3 {[%clk 1:28:23]} 9. bxc3 {[%clk 1:29:35]} Ne4 {[%clk
1:28:43]} 10. Bd3 {[%clk 1:15:29]} O-O {[%clk 1:18:29]} 11. Bxe4 {[%clk 1:12:37]}
dxe4 {[%clk 1:18:46]} 12. Nd2 {[%clk 1:12:26]} Bf5 {[%clk 1:18:06]} 13. Nc4
{[%clk 1:09:59]} Qg6 {[%clk 1:17:45]} 14. Bf4 {[%clk 1:08:44]} Bg4 {[%clk
1:08:52]} 15. Qd2 {[%clk 1:05:28]} Rac8 {[%clk 1:06:21]} 16. Ne3 {[%clk 1:03:41]}
Be6 {[%clk 1:04:22]} 17. Rab1 {[%clk 0:58:48]} Na5 {[%clk 1:02:47]} 18. Rb5
{[%clk 0:58:25]} Nc4 {[%clk 1:01:59]} 19. Nxc4 {[%clk 0:57:50]} Bxc4 {[%clk
1:02:15]} 20. Rg5 {[%clk 0:58:09]} Qe6 {[%clk 1:00:19]} 21. Re1 {[%clk 0:57:20]}
Bxa2 {[%clk 0:56:58]} 22. f3 {[%clk 0:54:31]} Bd5 {[%clk 0:46:28]} 23. fxe4
{[%clk 0:53:37]} Rfe8 {[%clk 0:45:08]} 24. Re5 {[%clk 0:53:04]} Qg6 {[%clk
0:42:12]} 25. exd5 {[%clk 0:51:37]} Rxe5 {[%clk 0:42:17]} 26. Rxe5 {[%clk
0:47:59]} c6 {[%clk 0:41:29]} 27. d6 {[%clk 0:46:45]} Rd8 {[%clk 0:41:15]} 28. d7
{[%clk 0:45:20]} f6 {[%clk 0:41:20]} 29. Re7 {[%clk 0:44:50]} Kf8 {[%clk
0:41:13]} 30. Bd6 {[%clk 0:43:53]} Kg8 {[%clk 0:40:18]} 31. Qe2 {[%clk 0:44:06]}
h6 {[%clk 0:40:30]} 32. Re8+ {[%clk 0:43:58]} Rxe8 {[%clk 0:40:54]} 33. Qxe8+
{[%clk 0:44:03]} Qxe8 {[%clk 0:41:17]} 34. dxe8Q+ {[%clk 0:44:19]} 1-0

[Event "Girls U14 Polish Youth Championship"]
[Site "chess24.com"]
[Date "2018.05.01"]
[Round "4"]
[White "Reszka, Zofia"]
[Black "Pieczewska, Gabriela"]
[Result "1-0"]
[Board "26"]
[WhiteElo "1286"]
[WhiteCountry "POL"]
[WhiteFideId "21813930"]
[WhiteEloChange "8"]
[BlackElo "1203"]
[BlackCountry "POL"]
[BlackFideId "1195158"]
[BlackEloChange "-8"]

1. e4 {[%clk 1:30:58]} e6 {[%clk 1:30:53]} 2. d4 {[%clk 1:31:19]} d5 {[%clk
1:31:15]} 3. Nd2 {[%clk 1:31:37]} c5 {[%clk 1:31:35]} 4. exd5 {[%clk 1:31:44]}
exd5 {[%clk 1:31:55]} 5. Ngf3 {[%clk 1:31:38]} Nc6 {[%clk 1:31:42]} 6. Bb5 {[%clk
1:31:35]} Bg4 {[%clk 1:28:27]} 7. h3 {[%clk 1:25:44]} Bh5 {[%clk 1:21:43]} 8. O-O
{[%clk 1:20:10]} Be7 {[%clk 1:11:05]} 9. Re1 {[%clk 1:15:59]} Qc7 {[%clk
1:06:21]} 10. dxc5 {[%clk 1:10:49]} O-O-O {[%clk 1:02:10]} 11. Nb3 {[%clk
1:05:47]} f5 {[%clk 0:53:51]} 12. Qd3 {[%clk 0:55:08]} g6 {[%clk 0:47:03]} 13.
Bxc6 {[%clk 0:52:42]} Qxc6 {[%clk 0:46:20]} 14. Nbd4 {[%clk 0:48:32]} Qd7 {[%clk
0:43:37]} 15. Ne5 {[%clk 0:45:36]} Qe8 {[%clk 0:42:43]} 16. Ne6 {[%clk 0:43:55]}
Nf6 {[%clk 0:39:53]} 17. Nxd8 {[%clk 0:41:01]} Kxd8 {[%clk 0:37:44]} 18. Bg5
{[%clk 0:38:27]} Kc8 {[%clk 0:33:14]} 19. Bxf6 {[%clk 0:32:30]} Bxf6 {[%clk
0:33:32]} 20. Qxd5 {[%clk 0:28:15]} Qb5 {[%clk 0:31:17]} 21. Qe6+ {[%clk
0:27:57]} Kb8 {[%clk 0:31:14]} 22. Qxf6 {[%clk 0:27:14]} Rc8 {[%clk 0:31:25]} 23.
Qd6+ {[%clk 0:25:47]} Ka8 {[%clk 0:31:38]} 24. g4 {[%clk 0:24:32]} fxg4 {[%clk
0:31:56]} 25. hxg4 {[%clk 0:24:51]} Bxg4 {[%clk 0:32:14]} 26. Nxg4 {[%clk
0:25:02]} Qxb2 {[%clk 0:32:18]} 27. Qd7 {[%clk 0:24:44]} Rb8 {[%clk 0:32:37]} 28.
c6 {[%clk 0:24:17]} Qb6 {[%clk 0:32:35]} 29. cxb7+ {[%clk 0:24:25]} Rxb7 {[%clk
0:32:53]} 30. Re8+ {[%clk 0:24:12]} Rb8 {[%clk 0:33:14]} 31. Qd5+ {[%clk
0:24:19]} Qb7 {[%clk 0:33:39]} 32. Rb1 {[%clk 0:24:18]} 1-0

[Event "Girls U14 Polish Youth Championship"]
[Site "chess24.com"]
[Date "2018.05.02"]
[Round "5"]
[White "Wikar, Martyna"]
[Black "Adamczyk, Zuzanna"]
[Result "1-0"]
[Board "1"]
[WhiteElo "2029"]
[WhiteCountry "POL"]
[WhiteFideId "21807663"]
[WhiteEloChange "3"]
[BlackElo "1741"]
[BlackCountry "POL"]
[BlackFideId "1187570"]
[BlackEloChange "-3"]

1. e4 {[%clk 1:30:57]} c5 {[%clk 1:30:49]} 2. Nf3 {[%clk 1:30:55]} e6 {[%clk
1:30:46]} 3. d3 {[%clk 1:31:19]} Nc6 {[%clk 1:28:15]} 4. g3 {[%clk 1:31:37]} d6
{[%clk 1:24:02]} 5. Bg2 {[%clk 1:30:38]} g6 {[%clk 1:22:27]} 6. c3 {[%clk
1:30:21]} Bg7 {[%clk 1:19:13]} 7. O-O {[%clk 1:29:26]} e5 {[%clk 1:15:11]} 8. Be3
{[%clk 1:27:24]} Nf6 {[%clk 1:12:45]} 9. h3 {[%clk 1:24:26]} O-O {[%clk 1:06:11]}
10. Nbd2 {[%clk 1:21:06]} Ne8 {[%clk 0:57:24]} 11. Nh2 {[%clk 1:12:53]} Qe7
{[%clk 0:50:01]} 12. f4 {[%clk 1:08:25]} f5 {[%clk 0:43:36]} 13. Nhf3 {[%clk
1:07:26]} Nf6 {[%clk 0:40:07]} 14. Re1 {[%clk 0:52:36]} fxe4 {[%clk 0:31:19]} 15.
fxe5 {[%clk 0:45:49]} dxe5 {[%clk 0:27:00]} 16. Nxe4 {[%clk 0:44:07]} Nxe4 {[%clk
0:26:01]} 17. dxe4 {[%clk 0:44:34]} Rd8 {[%clk 0:21:52]} 18. Qe2 {[%clk 0:43:09]}
Be6 {[%clk 0:19:50]} 19. Ng5 {[%clk 0:41:05]} c4 {[%clk 0:13:46]} 20. Rad1 {[%clk
0:39:54]} b6 {[%clk 0:09:09]} 21. Nxe6 {[%clk 0:36:48]} Qxe6 {[%clk 0:09:27]} 22.
Bg5 {[%clk 0:33:16]} Rxd1 {[%clk 0:07:58]} 23. Rxd1 {[%clk 0:33:37]} h6 {[%clk
0:08:17]} 24. Be3 {[%clk 0:33:50]} Rc8 {[%clk 0:05:56]} 25. Bf1 {[%clk 0:32:21]}
Ne7 {[%clk 0:04:48]} 26. Qd2 {[%clk 0:31:56]} Qc6 {[%clk 0:03:51]} 27. Bxh6
{[%clk 0:24:25]} Qxe4 {[%clk 0:02:36]} 28. Bxg7 {[%clk 0:21:26]} Kxg7 {[%clk
0:02:58]} 29. Qd7 {[%clk 0:21:33]} Qe3+ {[%clk 0:02:05]} 30. Kh2 {[%clk 0:21:43]}
Qc5 {[%clk 0:01:31]} 31. Rd6 {[%clk 0:20:06]} Rc7 {[%clk 0:01:29]} 32. Qe6 {[%clk
0:20:10]} Qf2+ {[%clk 0:01:41]} 33. Bg2 {[%clk 0:20:35]} Qf5 {[%clk 0:01:34]} 34.
a4 {[%clk 0:19:55]} Qxe6 {[%clk 0:01:09]} 35. Rxe6 {[%clk 0:20:19]} Kf7 {[%clk
0:01:00]} 36. Rxe5 {[%clk 0:20:42]} Kf6 {[%clk 0:01:23]} 37. Re4 {[%clk 0:20:06]}
Nf5 {[%clk 0:01:05]} 38. g4 {[%clk 0:19:56]} Nd6 {[%clk 0:00:49]} 39. Rd4 {[%clk
0:20:14]} Nf7 {[%clk 0:01:08]} 40. Kg3 {[%clk 0:19:45]} Ne5 {[%clk 0:01:13]} 41.
Bf1 {[%clk 0:18:26]} g5 {[%clk 0:01:04]} 42. Be2 {[%clk 0:18:06]} Rc5 {[%clk
0:00:58]} 43. Kf2 {[%clk 0:16:26]} Ra5 {[%clk 0:00:45]} 44. Bxc4 {[%clk 0:16:25]}
Rxa4 {[%clk 0:00:57]} 45. Be2 {[%clk 0:16:26]} Ra2 {[%clk 0:01:07]} 46. b4 {[%clk
0:14:50]} Ra3 {[%clk 0:01:16]} 47. c4 {[%clk 0:12:24]} Rxh3 {[%clk 0:01:38]} 48.
Rd8 {[%clk 0:11:34]} Rb3 {[%clk 0:01:09]} 49. b5 {[%clk 0:11:25]} Ra3 {[%clk
0:00:47]} 50. Rf8+ {[%clk 0:11:11]} Kg6 {[%clk 0:00:54]} 51. Rc8 {[%clk 0:09:42]}
Nd7 {[%clk 0:00:56]} 52. Bf3 {[%clk 0:07:32]} Nc5 {[%clk 0:00:49]} 53. Rc6+
{[%clk 0:07:26]} Kg7 {[%clk 0:01:07]} 54. Rc7+ {[%clk 0:07:09]} Kf6 {[%clk
0:01:10]} 55. Rc6+ {[%clk 0:06:46]} Kg7 {[%clk 0:01:35]} 56. Bd5 {[%clk 0:06:16]}
Nd3+ {[%clk 0:01:05]} 57. Ke3 {[%clk 0:05:00]} Ne5+ {[%clk 0:00:44]} 58. Ke4
{[%clk 0:05:21]} Nxg4 {[%clk 0:00:49]} 59. Kf5 {[%clk 0:05:31]} Ne3+ {[%clk
0:00:56]} 60. Kxg5 {[%clk 0:05:56]} Nxd5 {[%clk 0:00:50]} 61. cxd5 {[%clk
0:06:19]} Kf7 {[%clk 0:00:41]} 62. Rc7+ {[%clk 0:06:17]} Ke8 {[%clk 0:01:01]} 63.
Kf6 {[%clk 0:06:29]} Kd8 {[%clk 0:00:58]} 64. Rh7 {[%clk 0:06:36]} a5 {[%clk
0:00:50]} 65. Ke6 {[%clk 0:06:25]} Re3+ {[%clk 0:00:58]} 66. Kd6 {[%clk 0:06:48]}
Re4 {[%clk 0:00:40]} 67. Rh8+ {[%clk 0:07:04]} Re8 {[%clk 0:01:04]} 68. Rxe8+
{[%clk 0:07:22]} Kxe8 {[%clk 0:01:29]} 69. Kc7 {[%clk 0:07:49]} a4 {[%clk
0:01:51]} 70. d6 {[%clk 0:08:15]} a3 {[%clk 0:02:17]} 71. d7+ {[%clk 0:08:42]}
Kf7 {[%clk 0:02:43]} 72. d8Q {[%clk 0:09:06]} a2 {[%clk 0:03:03]} 73. Qd5+ {[%clk
0:09:31]} 1-0

[Event "Girls U14 Polish Youth Championship"]
[Site "chess24.com"]
[Date "2018.05.02"]
[Round "5"]
[White "Zarebska, Lena"]
[Black "Goraj, Barbara"]
[Result "1-0"]
[Board "2"]
[WhiteElo "1754"]
[WhiteCountry "POL"]
[WhiteFideId "21807698"]
[WhiteEloChange "11"]
[BlackElo "1784"]
[BlackCountry "POL"]
[BlackFideId "21816166"]
[BlackEloChange "-11"]

1. e4 {[%clk 1:30:57]} c5 {[%clk 1:30:49]} 2. Nf3 {[%clk 1:31:21]} d6 {[%clk
1:31:10]} 3. d4 {[%clk 1:31:46]} cxd4 {[%clk 1:31:33]} 4. Nxd4 {[%clk 1:32:12]}
Nf6 {[%clk 1:31:01]} 5. Nc3 {[%clk 1:32:36]} Nc6 {[%clk 1:31:25]} 6. Bc4 {[%clk
1:32:32]} e6 {[%clk 1:31:39]} 7. Be3 {[%clk 1:32:37]} a6 {[%clk 1:31:23]} 8. Bb3
{[%clk 1:33:00]} Qc7 {[%clk 1:29:28]} 9. O-O {[%clk 1:32:54]} Be7 {[%clk
1:27:27]} 10. f4 {[%clk 1:32:24]} O-O {[%clk 1:20:39]} 11. f5 {[%clk 1:30:06]}
Nxd4 {[%clk 1:11:51]} 12. Bxd4 {[%clk 1:30:28]} e5 {[%clk 1:11:42]} 13. Be3
{[%clk 1:30:25]} b5 {[%clk 1:10:34]} 14. Bg5 {[%clk 1:25:57]} b4 {[%clk 1:03:27]}
15. Bxf6 {[%clk 1:20:44]} Bxf6 {[%clk 0:56:51]} 16. Nd5 {[%clk 1:20:51]} Qc5+
{[%clk 0:55:07]} 17. Kh1 {[%clk 1:20:55]} Bg5 {[%clk 0:54:17]} 18. Qh5 {[%clk
1:10:22]} Bd8 {[%clk 0:43:00]} 19. f6 {[%clk 1:01:12]} Kh8 {[%clk 0:38:35]} 20.
Rf3 {[%clk 0:54:24]} g6 {[%clk 0:26:28]} 21. Qh6 {[%clk 0:54:33]} Rg8 {[%clk
0:26:52]} 22. Ne7 {[%clk 0:50:57]} Bxe7 {[%clk 0:27:14]} 23. fxe7 {[%clk
0:51:23]} Be6 {[%clk 0:26:35]} 24. Bxe6 {[%clk 0:51:37]} fxe6 {[%clk 0:26:37]}
25. Rf7 {[%clk 0:51:52]} 1-0

[Event "Girls U14 Polish Youth Championship"]
[Site "chess24.com"]
[Date "2018.05.02"]
[Round "5"]
[White "Dylag, Emilia"]
[Black "Mytnik, Kinga"]
[Result "1-0"]
[Board "3"]
[WhiteElo "1871"]
[WhiteCountry "POL"]
[WhiteFideId "21805172"]
[WhiteEloChange "2"]
[BlackElo "1334"]
[BlackCountry "POL"]
[BlackFideId "21819572"]
[BlackEloChange "-2"]

1. d4 {[%clk 1:30:56]} d6 {[%clk 1:30:52]} 2. c4 {[%clk 1:31:16]} e5 {[%clk
1:31:13]} 3. d5 {[%clk 1:31:36]} f5 {[%clk 1:31:22]} 4. e4 {[%clk 1:31:53]} fxe4
{[%clk 1:31:16]} 5. Nc3 {[%clk 1:32:10]} Nf6 {[%clk 1:30:50]} 6. Nge2 {[%clk
1:31:53]} c6 {[%clk 1:28:41]} 7. Ng3 {[%clk 1:29:52]} Be7 {[%clk 1:26:57]} 8.
Ngxe4 {[%clk 1:24:17]} Nxe4 {[%clk 1:24:58]} 9. Nxe4 {[%clk 1:24:33]} Bf5 {[%clk
1:23:18]} 10. Ng3 {[%clk 1:24:04]} Bg6 {[%clk 1:20:44]} 11. Bd3 {[%clk 1:22:22]}
Bxd3 {[%clk 1:13:47]} 12. Qxd3 {[%clk 1:22:45]} g6 {[%clk 1:12:17]} 13. Ne4
{[%clk 1:21:04]} Qa5+ {[%clk 1:04:56]} 14. Bd2 {[%clk 1:20:22]} Qb6 {[%clk
1:04:43]} 15. c5 {[%clk 1:11:49]} Qa6 {[%clk 0:56:19]} 16. Qh3 {[%clk 1:03:40]}
Nd7 {[%clk 0:42:19]} 17. cxd6 {[%clk 1:03:36]} Qc4 {[%clk 0:40:18]} 18. f3 {[%clk
0:59:54]} Qxd5 {[%clk 0:29:29]} 19. dxe7 {[%clk 0:59:21]} Kxe7 {[%clk 0:23:44]}
20. Rd1 {[%clk 0:58:46]} Ke8 {[%clk 0:17:32]} 21. Bc3 {[%clk 0:58:49]} Qxa2
{[%clk 0:15:05]} 22. Qxd7+ {[%clk 0:59:08]} Kf8 {[%clk 0:15:32]} 23. Bb4+ {[%clk
0:59:18]} Kg8 {[%clk 0:15:54]} 24. Nf6# {[%clk 0:59:41]} 1-0

[Event "Girls U14 Polish Youth Championship"]
[Site "chess24.com"]
[Date "2018.05.02"]
[Round "5"]
[White "Krzyzosiak, Anna"]
[Black "Czarnecka, Lidia"]
[Result "0-1"]
[Board "4"]
[WhiteElo "1552"]
[WhiteCountry "POL"]
[WhiteFideId "21820430"]
[WhiteEloChange "-4"]
[BlackElo "1809"]
[BlackCountry "POL"]
[BlackFideId "21807531"]
[BlackEloChange "4"]

1. e4 {[%clk 1:30:57]} c5 {[%clk 1:30:24]} 2. Nf3 {[%clk 1:31:14]} e6 {[%clk
1:30:17]} 3. d4 {[%clk 1:31:33]} cxd4 {[%clk 1:29:52]} 4. Nxd4 {[%clk 1:31:54]}
a6 {[%clk 1:28:49]} 5. Nc3 {[%clk 1:31:19]} Qc7 {[%clk 1:28:45]} 6. Bd3 {[%clk
1:30:53]} b5 {[%clk 1:28:31]} 7. a3 {[%clk 1:28:48]} Bb7 {[%clk 1:28:36]} 8. O-O
{[%clk 1:26:36]} Nf6 {[%clk 1:27:23]} 9. Re1 {[%clk 1:24:13]} d6 {[%clk 1:27:20]}
10. f4 {[%clk 1:08:11]} Nbd7 {[%clk 1:25:30]} 11. Qe2 {[%clk 0:53:53]} Be7 {[%clk
1:18:50]} 12. e5 {[%clk 0:50:30]} dxe5 {[%clk 1:03:15]} 13. fxe5 {[%clk 0:49:21]}
Bc5 {[%clk 1:01:50]} 14. exf6 {[%clk 0:33:50]} Bxd4+ {[%clk 1:02:04]} 15. Be3
{[%clk 0:32:22]} Bxe3+ {[%clk 1:01:23]} 16. Qxe3 {[%clk 0:32:43]} Nxf6 {[%clk
1:00:12]} 17. Rad1 {[%clk 0:29:51]} Ng4 {[%clk 0:54:34]} 18. Qg3 {[%clk 0:25:03]}
Qxg3 {[%clk 0:54:05]} 19. hxg3 {[%clk 0:25:24]} Nf6 {[%clk 0:54:00]} 20. Ne4
{[%clk 0:24:46]} Nxe4 {[%clk 0:53:25]} 21. Bxe4 {[%clk 0:25:10]} Bxe4 {[%clk
0:52:04]} 22. Rxe4 {[%clk 0:25:22]} Ke7 {[%clk 0:51:53]} 23. Red4 {[%clk
0:25:19]} Rhd8 {[%clk 0:52:13]} 24. Kf2 {[%clk 0:25:31]} Rxd4 {[%clk 0:49:11]}
25. Rxd4 {[%clk 0:25:42]} Rd8 {[%clk 0:47:25]} 26. Rxd8 {[%clk 0:23:49]} Kxd8
{[%clk 0:47:34]} 27. Ke3 {[%clk 0:24:14]} Kc7 {[%clk 0:47:40]} 28. Kd4 {[%clk
0:24:34]} Kd6 {[%clk 0:47:56]} 29. g4 {[%clk 0:24:37]} f6 {[%clk 0:45:32]} 30. g3
{[%clk 0:24:55]} h6 {[%clk 0:44:34]} 31. b3 {[%clk 0:25:09]} g6 {[%clk 0:42:18]}
32. c3 {[%clk 0:25:20]} Kc6 {[%clk 0:40:14]} 33. b4 {[%clk 0:25:13]} e5+ {[%clk
0:38:49]} 34. Ke4 {[%clk 0:25:08]} Kd6 {[%clk 0:39:09]} 35. Ke3 {[%clk 0:25:24]}
Kd5 {[%clk 0:39:03]} 36. Kd3 {[%clk 0:25:46]} f5 {[%clk 0:37:04]} 37. gxf5 {[%clk
0:26:03]} gxf5 {[%clk 0:37:27]} 38. Ke3 {[%clk 0:26:24]} Kc4 {[%clk 0:37:20]} 39.
Kd2 {[%clk 0:26:43]} e4 {[%clk 0:36:13]} 40. Kc2 {[%clk 0:26:36]} e3 {[%clk
0:36:17]} 41. Kd1 {[%clk 0:27:01]} Kxc3 {[%clk 0:35:28]} 42. Ke2 {[%clk 0:27:23]}
Kd4 {[%clk 0:35:52]} 0-1

[Event "Girls U14 Polish Youth Championship"]
[Site "chess24.com"]
[Date "2018.05.02"]
[Round "5"]
[White "Hertlein, Irena"]
[Black "Mirowska, Oliwia"]
[Result "1-0"]
[Board "5"]
[WhiteElo "1582"]
[WhiteCountry "POL"]
[WhiteFideId "21817618"]
[WhiteEloChange "7"]
[BlackElo "1492"]
[BlackCountry "POL"]
[BlackFideId "21807574"]
[BlackEloChange "-7"]

1. d4 {[%clk 1:30:55]} d5 {[%clk 1:30:43]} 2. Bf4 {[%clk 1:31:10]} e6 {[%clk
1:30:38]} 3. Nf3 {[%clk 1:31:27]} Nf6 {[%clk 1:30:41]} 4. e3 {[%clk 1:31:40]} c6
{[%clk 1:29:00]} 5. Nbd2 {[%clk 1:29:57]} Nbd7 {[%clk 1:28:19]} 6. Bd3 {[%clk
1:27:34]} Be7 {[%clk 1:27:31]} 7. h3 {[%clk 1:23:46]} b6 {[%clk 1:25:13]} 8. Ne5
{[%clk 1:20:22]} Bb7 {[%clk 1:22:57]} 9. Ndf3 {[%clk 1:16:01]} h6 {[%clk
1:22:10]} 10. c3 {[%clk 1:07:30]} O-O {[%clk 1:15:54]} 11. h4 {[%clk 1:03:51]}
Nxe5 {[%clk 1:14:07]} 12. dxe5 {[%clk 0:58:31]} Ne4 {[%clk 1:09:31]} 13. g4
{[%clk 0:45:03]} f5 {[%clk 1:03:09]} 14. exf6 {[%clk 0:33:17]} Bxf6 {[%clk
1:02:19]} 15. g5 {[%clk 0:33:13]} hxg5 {[%clk 0:57:44]} 16. hxg5 {[%clk 0:33:12]}
Nxg5 {[%clk 0:52:12]} 17. Nxg5 {[%clk 0:28:00]} Bxg5 {[%clk 0:51:08]} 18. Bh7+
{[%clk 0:25:42]} Kh8 {[%clk 0:47:25]} 19. Bf5+ {[%clk 0:20:51]} Bh6 {[%clk
0:41:05]} 20. Bxh6 {[%clk 0:20:22]} gxh6 {[%clk 0:39:14]} 21. Rxh6+ {[%clk
0:20:30]} Kg7 {[%clk 0:39:05]} 22. Qg4+ {[%clk 0:20:20]} Kf7 {[%clk 0:37:08]} 23.
Qg6+ {[%clk 0:20:18]} Ke7 {[%clk 0:37:20]} 24. Qxe6# {[%clk 0:20:40]} 1-0

[Event "Girls U14 Polish Youth Championship"]
[Site "chess24.com"]
[Date "2018.05.02"]
[Round "5"]
[White "Marcinczyk, Monika"]
[Black "Mucha, Marta"]
[Result "1-0"]
[Board "6"]
[WhiteElo "1804"]
[WhiteTitle "WCM"]
[WhiteCountry "POL"]
[WhiteFideId "1192051"]
[WhiteEloChange "2"]
[BlackElo "1432"]
[BlackCountry "POL"]
[BlackFideId "1195123"]
[BlackEloChange "-2"]

1. e4 {[%clk 1:30:58]} d5 {[%clk 1:30:39]} 2. exd5 {[%clk 1:31:08]} Qxd5 {[%clk
1:30:24]} 3. Nc3 {[%clk 1:31:25]} Qd8 {[%clk 1:30:23]} 4. d4 {[%clk 1:31:08]} Nf6
{[%clk 1:29:52]} 5. Bf4 {[%clk 1:21:02]} c6 {[%clk 1:27:34]} 6. Bc4 {[%clk
1:17:44]} Bf5 {[%clk 1:23:44]} 7. Nge2 {[%clk 1:16:52]} e6 {[%clk 1:23:16]} 8. f3
{[%clk 1:10:57]} Be7 {[%clk 1:21:38]} 9. Qd2 {[%clk 1:09:10]} Nbd7 {[%clk
1:20:17]} 10. g4 {[%clk 1:05:09]} Bg6 {[%clk 1:19:46]} 11. O-O-O {[%clk 1:03:12]}
b5 {[%clk 1:16:05]} 12. Bd3 {[%clk 1:01:55]} Bxd3 {[%clk 1:15:24]} 13. Qxd3
{[%clk 1:02:02]} Qa5 {[%clk 1:10:48]} 14. Kb1 {[%clk 1:00:37]} Nb6 {[%clk
1:02:39]} 15. Ne4 {[%clk 0:50:52]} Rd8 {[%clk 0:58:15]} 16. Be5 {[%clk 0:44:34]}
Nbd7 {[%clk 0:53:44]} 17. Bg3 {[%clk 0:32:44]} c5 {[%clk 0:48:21]} 18. Qc3 {[%clk
0:26:24]} b4 {[%clk 0:45:15]} 19. Qb3 {[%clk 0:22:16]} Qb5 {[%clk 0:38:20]} 20.
c4 {[%clk 0:19:57]} Qb6 {[%clk 0:37:37]} 21. d5 {[%clk 0:16:08]} Nxe4 {[%clk
0:34:34]} 22. fxe4 {[%clk 0:16:28]} O-O {[%clk 0:33:04]} 23. Qe3 {[%clk 0:12:09]}
exd5 {[%clk 0:32:51]} 24. exd5 {[%clk 0:11:17]} Rfe8 {[%clk 0:32:21]} 25. Qf3
{[%clk 0:09:36]} a5 {[%clk 0:31:08]} 26. Rhf1 {[%clk 0:09:30]} f6 {[%clk
0:30:23]} 27. d6 {[%clk 0:07:41]} Bf8 {[%clk 0:30:17]} 28. Qd5+ {[%clk 0:06:36]}
Kh8 {[%clk 0:30:24]} 29. Nf4 {[%clk 0:06:29]} b3 {[%clk 0:28:56]} 30. Ne6 {[%clk
0:06:16]} bxa2+ {[%clk 0:27:46]} 31. Ka1 {[%clk 0:05:55]} Rb8 {[%clk 0:27:42]}
32. Rd2 {[%clk 0:06:14]} Qb4 {[%clk 0:26:56]} 33. Rfd1 {[%clk 0:05:59]} Nb6
{[%clk 0:25:05]} 34. Qxc5 {[%clk 0:03:30]} Qb3 {[%clk 0:10:07]} 35. Nd4 {[%clk
0:03:00]} Qa4 {[%clk 0:09:38]} 36. Qc6 {[%clk 0:02:24]} Bxd6 {[%clk 0:05:52]} 37.
Qxa4 {[%clk 0:02:32]} Nxa4 {[%clk 0:06:05]} 38. Bxd6 {[%clk 0:02:55]} Rb7 {[%clk
0:06:09]} 39. Kxa2 {[%clk 0:02:31]} Nb6 {[%clk 0:06:25]} 40. Rc1 {[%clk 0:02:19]}
Rd7 {[%clk 0:06:08]} 41. c5 {[%clk 0:02:33]} Nc8 {[%clk 0:06:21]} 42. Nb5 {[%clk
0:02:32]} Nxd6 {[%clk 0:05:39]} 43. cxd6 {[%clk 0:02:46]} Red8 {[%clk 0:05:52]}
44. Rc7 {[%clk 0:03:05]} Kg8 {[%clk 0:06:06]} 45. Rxd7 {[%clk 0:03:02]} Rxd7
{[%clk 0:06:31]} 46. Rc2 {[%clk 0:03:21]} Kf8 {[%clk 0:06:53]} 47. Rc8+ {[%clk
0:03:27]} 1-0

[Event "Girls U14 Polish Youth Championship"]
[Site "chess24.com"]
[Date "2018.05.02"]
[Round "5"]
[White "Kroliczek, Gabriela"]
[Black "Libura, Julianna"]
[Result "1-0"]
[Board "7"]
[WhiteElo "1729"]
[WhiteCountry "POL"]
[WhiteFideId "21816727"]
[WhiteEloChange "4"]
[BlackElo "1466"]
[BlackCountry "POL"]
[BlackFideId "21820708"]
[BlackEloChange "-4"]

1. e4 {[%clk 1:30:57]} c5 {[%clk 1:30:50]} 2. Nc3 {[%clk 1:31:23]} Nc6 {[%clk
1:30:24]} 3. g3 {[%clk 1:31:49]} d6 {[%clk 1:29:47]} 4. Bg2 {[%clk 1:32:15]} e6
{[%clk 1:29:12]} 5. d3 {[%clk 1:32:39]} Nf6 {[%clk 1:29:21]} 6. f4 {[%clk
1:32:53]} Be7 {[%clk 1:28:40]} 7. Nf3 {[%clk 1:33:18]} O-O {[%clk 1:28:21]} 8.
O-O {[%clk 1:33:44]} a6 {[%clk 1:26:58]} 9. h3 {[%clk 1:34:02]} b5 {[%clk
1:23:25]} 10. g4 {[%clk 1:33:10]} Qc7 {[%clk 1:13:58]} 11. g5 {[%clk 1:28:59]}
Ne8 {[%clk 1:13:46]} 12. h4 {[%clk 1:28:37]} b4 {[%clk 1:12:39]} 13. Ne2 {[%clk
1:28:31]} f5 {[%clk 1:12:00]} 14. Ng3 {[%clk 1:19:03]} Bd7 {[%clk 1:04:04]} 15.
Qe2 {[%clk 1:07:56]} Qd8 {[%clk 0:58:03]} 16. Bd2 {[%clk 1:04:52]} Nc7 {[%clk
0:56:31]} 17. Qf2 {[%clk 0:59:08]} Nb5 {[%clk 0:54:03]} 18. Rac1 {[%clk 0:56:55]}
Rc8 {[%clk 0:42:55]} 19. Ne2 {[%clk 0:49:35]} Kh8 {[%clk 0:39:26]} 20. Qg3 {[%clk
0:44:07]} d5 {[%clk 0:36:12]} 21. e5 {[%clk 0:43:10]} Be8 {[%clk 0:31:38]} 22.
Qh2 {[%clk 0:37:58]} c4 {[%clk 0:27:51]} 23. h5 {[%clk 0:31:34]} Bc5+ {[%clk
0:26:53]} 24. Kh1 {[%clk 0:32:01]} a5 {[%clk 0:24:56]} 25. Ng3 {[%clk 0:28:20]}
Qe7 {[%clk 0:23:33]} 26. Nh4 {[%clk 0:27:14]} Kg8 {[%clk 0:23:47]} 27. Ngxf5
{[%clk 0:22:35]} exf5 {[%clk 0:16:18]} 28. Bxd5+ {[%clk 0:22:52]} Bf7 {[%clk
0:16:11]} 29. Bxc4 {[%clk 0:17:11]} Bxc4 {[%clk 0:16:29]} 30. dxc4 {[%clk
0:17:39]} Qe6 {[%clk 0:16:19]} 31. cxb5 {[%clk 0:17:23]} 1-0